Score 0/13 Timer 03:00
4 Plays Today
Scramble Word % Correct
YEEEYE
99.9%
GEEDEDGE
95.3%
ULQAEEQUAL
91.7%
GONGGEEGGNOG
74.3%
PILEOUGEEPILOGUE
70.6%
SCENESEESSENCE
70.6%
AGANAVERTXTEXTRAVAGANT
56%
RRRRCUATEXCULIAEXTRACURRICULAR
49.8%
RENTANTEIENTERTAIN
43.1%
DOICCLEYPEANENCYCLOPEDIA
39%
KAUHRQEEATEARTHQUAKE
37.9%
YANEGLCRUCXTIIEXCRUCIATINGLY
21.5%
ITRCCOONELEUTELECTROCUTION
18.7%
Remove Ads.
Support Sporcle.
Get the best of Sporcle when you Go Orange. This ad-free experience offers more features, more stats, and more fun while also helping to support Sporcle. Thank you for becoming a member.

You're not logged in!

Compare scores with friends on all Sporcle quizzes.
OR
Log In

Show Comments

Extras

Top Quizzes Today


Score Distribution

Your Account Isn't Verified!

In order to create a playlist on Sporcle, you need to verify the email address you used during registration. Go to your Sporcle Settings to finish the process.

Report this User

Report this user for behavior that violates our Community Guidelines.

Details: